राजा और नाई/ (Record no. 197656)
[ view plain ]
| 000 -LEADER | |
|---|---|
| fixed length control field | 00829nam a22001937a 4500 |
| 005 - DATE AND TIME OF LATEST TRANSACTION | |
| control field | 20230829123338.0 |
| 010 ## - LCCN (DPL NO) | |
| LC control number | B-755647 CHHN 23.8.23 |
| 020 ## - INTERNATIONAL STANDARD BOOK NUMBER | |
| International Standard Book Number | 9788195734191 |
| Terms of availability | 300.00 |
| 035 ## - SYSTEM CONTROL NUMBER | |
| System control number | B-755647 |
| 037 ## - SOURCE OF ACQUISITION | |
| Stock number | संजीव प्रकाशक |
| 082 ## - DEWEY DECIMAL CLASSIFICATION NUMBER | |
| Classification number | क |
| 100 ## - MAIN ENTRY--PERSONAL NAME | |
| Personal name | माधवी |
| 245 ## - TITLE STATEMENT | |
| Title | राजा और नाई/ |
| Statement of responsibility, etc | माधवी |
| 260 ## - PUBLICATION, DISTRIBUTION, ETC. (IMPRINT) | |
| Place of publication, distribution, etc | नई दिल्ली |
| Name of publisher, distributor, etc | संजीव प्रकाशक |
| Date of publication, distribution, etc | 2021 |
| 270 ## - ADDRESS | |
| Address | 3613, नेताजी सुभाष मार्ग दरिया गंज |
| City | नई दिल्ली |
| Postal code | 110002 |
| 300 ## - PHYSICAL DESCRIPTION | |
| Extent | 64पृ. |
| Other physical details | सचित्र |
| Dimensions | 25सेमी(सजिल्द) |
| 942 ## - ADDED ENTRY ELEMENTS (KOHA) | |
| Source of classification or shelving scheme | Dewey Decimal Classification |
| Item type | Children Books |
| Call number suffix | माधवी |
| Classification part | क |
| Withdrawn status | Lost status | Not for loan | Collection code | Home library | Current library | Date acquired | Source of acquisition | Cost, normal purchase price | Full call number | Barcode | Copy number | Cost, replacement price | Koha item type |
|---|---|---|---|---|---|---|---|---|---|---|---|---|---|
| Fiction | Sarojini Nagar | Sarojini Nagar | 29/08/2023 | उपहार/23.8.23 | 300.00 | माधवी क | B-755647 | 1 | 300.00 | Children Books |
